[Event "Olympiad-36"]
[Site "Mallorca"]
[Date "2004.10.25"]
[Round "10"]
[White "Mastrovasilis, Dimitrios"]
[Black "Illescas Cordoba, Miguel"]
[Result "0-1"]
[WhiteElo "2574"]
[BlackElo "2626"]
[Annotator "Atlas,V"]
[PlyCount "110"]
[EventDate "2004.10.15"]
[EventType "team-swiss"]
[EventRounds "14"]
[EventCountry "ESP"]
[SourceTitle "CBM 104"]
[Source "ChessBase"]
[SourceDate "2005.01.27"]
[SourceVersion "1"]
[SourceVersionDate "2005.01.27"]
[SourceQuality "1"]
[WhiteTeam "Greece"]
[BlackTeam "Spain"]
[WhiteTeamCountry "GRE"]
[BlackTeamCountry "ESP"]

1. e4 c5 2. Nf3 Nc6 3. d4 cxd4 4. Nxd4 Nf6 5. Nc3 e5 6. Ndb5 d6 7. Bg5 a6 8.
Na3 b5 9. Bxf6 gxf6 10. Nd5 f5 11. Bxb5 axb5 12. Nxb5 Ra4 13. Nbc7+ Kd7 14. O-O
Rxe4 15. Qh5 Nd4 16. c3 Ne2+ 17. Kh1 Kc6 18. g3 Kb7 19. Rae1 Rc4 20. Na6 Ka8
21. b3 Rxc3 22. Qxe2 Bb7 23. Kg1 Bxd5 24. Rc1 Rc8 25. Qb5 Bb7 26. Qa4 Qb6 27.
Rxc8+ Bxc8 28. Rc1 Kb7 29. Rc7+ Qxc7 30. Nxc7 Kxc7 {White's ultra-aggressive
play resulted in fiasco. The endgame is winning for Black, although he has
still to overcome some diificulities.} 31. Qc4+ Kd8 32. Qxf7 Be7 33. b4 Rf8 34.
Qd5 Kc7 35. Qa5+ Kb8 36. b5 Bb7 37. b6 f4 38. a4 fxg3 39. hxg3 Rf3 40. Qb5 Rc3
41. Kh2 Bd8 42. Qb4 Rc5 43. a5 h5 44. Qa3 Bc6 45. Qb4 Kb7 46. Qd2 Rd5 47. Qc3
Rc5 48. Qd2 Be7 49. Qa2 Ka6 50. Qf7 Bb7 $1 51. Qxe7 $2 ({Allows Black to
conclude the game with a nice combination. After} 51. Qxh5 Rxa5 {White's
position is hopeless anyway.}) 51... Rc1 52. f3 Bxf3 53. g4 {[%tqu "En","How
can Black convert activity of his pieces into a full point?","Go after the
enemy king and try to construct a mate net.","Use your h5-pawn!","h5h4","This
elegant pawn move sets up a mate net and decided the game for Black.",3]} h4 $1
{[%csl Gc1,Re7,Gf3,Rh1,Rh2,Gh4] This impressive pawn move crowns Black attack.
The game is over.} 54. Qa7+ ({Or} 54. Qxh4 Rh1+ 55. Kg3 Rxh4 56. Kxh4 Kxa5 {
, winning.}) 54... Kb5 55. Qd7+ Bc6 (55... Bc6 {To avoid mate, White has to
give away his queen:} 56. Qxc6+ Kxc6 {, winning.} ({Of course, not} 56... Rxc6
$4 57. b7 {, and White wins})) 0-1

[Event "Beersheba-St Petersburg"]
[Site "Beersheba"]
[Date "1998.??.??"]
[Round "8"]
[White "Yemelin, Vasily"]
[Black "Avrukh, Boris"]
[Result "1/2-1/2"]
[WhiteElo "2485"]
[BlackElo "2525"]
[Annotator "Avrukh,B"]
[PlyCount "66"]
[EventDate "1998.03.03"]
[EventType "schev"]
[EventRounds "12"]
[EventCountry "ISR"]
[SourceTitle "CBM 064"]
[Source "ChessBase"]
[SourceDate "1998.06.02"]
[SourceVersion "1"]
[SourceVersionDate "1998.06.02"]
[SourceQuality "1"]
[WhiteTeam "St Petersburg"]
[BlackTeam "Beer Sheva"]
[WhiteTeamCountry "RUS"]
[BlackTeamCountry "ISR"]

1. e4 c5 2. Nf3 Nc6 3. d4 cxd4 4. Nxd4 Qb6 5. Nb5 (5. Nb3) 5... Nf6 6. Be3 Qd8
7. N1c3 a6 8. Nd4 (8. Na3 {another way.}) 8... e5 $5 {very interesting
continuation, usually black plays 8...e6 ,or 8...d6.} 9. Nf5 (9. Nxc6 bxc6 10.
Bc4 Bb4 11. Qd3 O-O (11... d5 $2 12. exd5 cxd5 13. O-O-O $1 $36) 12. Rd1 Qe7
13. Bg5 h6 14. Bxf6 Qxf6 15. O-O Kh8 $13 {Paramos Dominguez,R-Kurajica,B/La
Coruna TH op 1995/1/2-1/2 (54)}) (9. Nde2 Qa5 {1/2-1/2 Mokry,K-Vokac,M/CZE-ch
1994} (9... Be7 10. Nd5 Nxe4 11. Ng3 Qa5+ 12. c3 Nf6 13. Nb6 Rb8 14. a3 {
1/2-1/2 Dervishi,E-Tzoumbas,A/Balkaniad 1994}) (9... Ng4 $1 10. Ng3 Nxe3 11.
fxe3 Bc5 12. Bc4 O-O $132)) 9... d5 10. Nxd5 (10. exd5 Nb4 $1) 10... Nxd5 (
10... Nxe4 $2 11. Bb6 $1 $18) (10... Bxf5 11. Bb6 $1 (11. Nxf6+ Qxf6 12. exf5
Qxf5 $13 {for example.} 13. Bc4 Rd8 14. Qe2 Nd4 15. Bxd4 Rxd4 16. O-O Bc5 $11)
11... Qd6 ({not enough.} 11... Nxe4 $2 12. Bxd8 (12. Nc7+ $2 Qxc7 13. Bxc7 Bc5
$40) 12... Rxd8 13. Nc7+ $1 Ke7 14. Nd5+ Ke8 15. Bc4 Bc5 16. O-O $18) 12. Nxf6+
(12. Nc7+ Kd7 13. Nxa8 Bxe4 $44) 12... Qxf6 13. exf5 Qxf5 14. Bd3 $16) 11. exd5
(11. Qxd5 $2 Qxd5 12. exd5 Nb4 $19 {[%csl Rc2,Rf5]}) 11... Nb4 $1 {This is the
point of the position.} (11... Bxf5 $143 12. dxc6 Qxd1+ 13. Rxd1 bxc6 14. Bd3 {
[%csl Ra6,Rc6] with clear advantage for black because of the weaknesses of the
black's queenside.}) 12. g4 $2 {too risky, better was:} (12. a3 Nxd5 (12...
Bxf5 13. axb4 Bxb4+ 14. c3 Bd6 15. Be2 O-O 16. O-O Rc8 $11) 13. Qf3 (13. Bc4
$143 Be6 {with idea 14...g6 and 15...Ne3}) 13... Be6 14. O-O-O Rc8 15. Bd3 Qc7
{with complicated play ,where black is not worse.}) ({or} 12. Ng3 Nxd5 (12...
Qxd5 13. Qxd5 Nxd5 14. Bd2 Be6 (14... Bc5 15. Ne4) 15. Bc4 $11 Nb4 $140 $2 16.
Bxe6 Nxc2+ 17. Kd1 Nxa1 18. Bf5 $16 {[%csl Ra1]}) 13. Bc4 Be6 14. Bb3 $1 $11 (
14. Qe2 $140 Bb4+ 15. c3 Nxc3 $1 $19)) 12... g6 (12... Qxd5 13. Qxd5 Nxd5 14.
Bg2 Nxe3 (14... Be6 15. O-O-O O-O-O 16. Rd3 $36) 15. Nxe3 (15. fxe3 $2 g6)
15... Bc5 16. h3 $11) 13. a3 Nxd5 (13... Qxd5 $2 14. axb4 $1 Qxh1 (14... Bxb4+
15. c3 Qxh1 16. Ng3 $1 $16) 15. Nd6+ Bxd6 16. Qxd6 Qe4 17. Bb5+ $1 $18) (13...
gxf5 14. axb4 Bxb4+ (14... f4 $2 15. Bc5 $16) (14... fxg4 15. b5 (15. c3 f5)
15... f5 $13) 15. c3 Bd6 16. Bb5+ Bd7 (16... Ke7 17. gxf5 Bxf5 18. Bd3 Bg6 19.
Qg4 $1 Qd7 (19... Bxd3 $140 $2 20. Bg5+ f6 21. Qe6+ Kf8 22. Bh6#) 20. Qh4+ f6
21. O-O-O $40 {[%csl Re7]}) 17. Bxd7+ Qxd7 18. gxf5 Qxf5 19. Rg1 O-O-O $11) 14.
Bg2 Be6 15. c4 Nf4 $1 (15... Nxe3 $143 16. Qxd8+ Rxd8 17. Nxe3 Rd7 18. Bd5 $1
$36) 16. Bxf4 exf4 17. Nd4 Qa5+ $1 18. Kf1 (18. b4 $2 Qe5+ 19. Ne2 (19. Kf1 Rd8
) 19... Rd8 20. Qc1 Bxc4 $1 $19) 18... Rd8 (18... O-O-O $1 19. Rc1 (19. Bxb7+
Kxb7 20. Qf3+ Kc7 21. Qc6+ Kb8 22. Qxe6 Rxd4 23. Qf6 Qc5 $1 24. Qxh8 Rd2 $19) (
19. Qb3 Rxd4 20. Qxb7+ Kd8 $19) 19... h5 $1 (19... Bg7 20. Bd5 Kb8 (20... Bxd5
21. cxd5+ Kb8 22. Nf3 $1 Rxd5 23. Qc2) 21. Nb3 Qb6 22. Qf3 Bxb2 23. Rb1 Bxa3
24. Kg2 $44) 20. g5 (20. gxh5 Qe5) (20. Bd5 Bxd5 $1 (20... Bxg4 21. Qb3 Qc7 22.
c5 $132) 21. cxd5+ Kb8 $17) 20... Qe5 $1 (20... Qxg5 21. Qf3 $1 Rxd4 22. Qxb7+
Kd8 23. Qb6+ Ke7 24. Qxd4 f3 25. Qa7+ Kf6 26. Qd4+ Ke7 $11) 21. Bd5 Bh3+ $19)
19. Bxb7 Bg7 (19... Bxc4+ $2 20. Kg2 Bd5+ 21. Bxd5 Qxd5+ 22. Nf3 $16) 20. Bd5
Bxd5 21. cxd5 Qxd5 (21... O-O 22. Nc6 Qxd5 $140 $2 23. Ne7+ $18) 22. Qe2+ Kf8
23. Nf3 h5 24. g5 h4 (24... Qd3 25. Qxd3 Rxd3 26. Kg2 Bxb2 27. Rad1 Rxd1 28.
Rxd1 Bxa3 29. Ra1 $11) (24... Re8 25. Qd1 $1 (25. Rd1 Qf5 $1 26. Qd3 Qh3+ 27.
Kg1 Bxb2 $17) 25... Qc4+ (25... Qxd1+ 26. Rxd1 Bxb2 27. Kg2 {and i don't
believe , that black has any chances to win this position.}) 26. Kg2 Bxb2 27.
Qd6+ Kg7 28. Rab1 Re6 29. Qb4 Qxb4 30. axb4 Re2 31. Rhd1 $11) 25. h3 Rh5 26.
Re1 Bxb2 (26... Rxg5 $4 27. Qe7+ Kg8 28. Qxg5 Qxf3 29. Qxd8+) 27. Kg2 $1 Bxa3 (
27... Rxg5+ 28. Kh2 {[%csl Rb2,Rd8,Rg5][%cal Ge1d1]}) 28. Rd1 Qa8 29. Rxd8+
Qxd8 30. Qxa6 Bc5 (30... Be7 $2 31. Rc1) 31. Rc1 Rxg5+ 32. Nxg5 Qxg5+ 33. Kf1
Qf5 {after this move i offered the draw[,in view of variation 34Qa8+ -Kg7 35
Qf3 with equality],which was accept by my opponent.} (33... f3 $2 34. Qc8+ Kg7
35. Qxc5 Qg2+ 36. Ke1 $18) 1/2-1/2

[Event "Biel MTO op"]
[Site "Biel"]
[Date "2004.07.26"]
[Round "7"]
[White "Alekseev, Evgeny V"]
[Black "Avrukh, Boris"]
[Result "1/2-1/2"]
[WhiteElo "2606"]
[BlackElo "2600"]
[Annotator "Avrukh,B"]
[PlyCount "51"]
[EventDate "2004.07.19"]
[EventType "swiss"]
[EventRounds "11"]
[EventCountry "SUI"]
[SourceTitle "CBM 101 Extra"]
[Source "ChessBase"]
[SourceDate "2004.09.01"]
[SourceVersion "2"]
[SourceVersionDate "2004.09.01"]
[SourceQuality "1"]

1. e4 c5 2. Nf3 Nc6 3. d4 cxd4 4. Nxd4 Nf6 5. Nc3 e5 6. Ndb5 d6 7. Bg5 a6 8.
Na3 b5 9. Nd5 Be7 10. Nxe7 Nxe7 (10... Qxe7 {is another playable alternative.})
11. Bd3 (11. Bxf6 gxf6 12. c4) 11... Bb7 12. Qe2 Nd7 13. b4 $5 {[%csl Gc5]} f6
14. Bd2 {During the game I wasn't really familiar with this line, but I felt,
that Black should be ok here. Actually the main point of this position is the
white knight on a3. White's idea is to play c4 with the idea to activate his
knight via c4 or b5-squares, on the other hand Black should try to create his
play in the center.} f5 ({i rejected the natural-looking} 14... O-O {since it
allows White an additional option} 15. O-O (15. c4 f5 16. cxb5 fxe4 17. Bxe4 d5
18. Bc2 Nf5 $44) 15... f5 16. f3 $5 {Later on i found one game in my database,
where White got a serious advantage.} d5 (16... Nc6 $5 {[%cal Gc6d4]}) 17. exd5
Nxd5 18. c4 bxc4 19. Nxc4 Qf6 20. Na5 $1 Bc8 21. Bc4 N7b6 22. Bb3 Kh8 23. Rac1
Bd7 24. Qf2 Bb5 25. Rfe1 Rad8 26. Nb7 Ra8 27. Rc5 $16 {Misailovic-Milijkovic
2003}) 15. c4 (15. f3 $140 fxe4 16. fxe4 O-O {[%csl Ge1]}) (15. exf5 $6 O-O 16.
O-O Nxf5 17. Bxf5 Rxf5 18. Qd3 Qf6 $15 {0-1 Kutuzovic,B-Nedev,T/Ljubljana 2002/
CBM 88 ext (31)}) 15... fxe4 (15... O-O 16. cxb5 fxe4 17. Bxe4 Bxe4 (17... d5
$5 {deserve serious attention.}) 18. Qxe4 {leads to the game position}) ({
Other possibility} 15... Nf6 {didn't appeal to me during the game, in view of}
16. f3 fxe4 17. fxe4 Nc6 18. Nc2 {[%csl Gd4]} (18. cxb5 $2 Nd4 $36) {but after
the correct} 18... bxc4 19. Bxc4 Ne7 {[%csl Ge4]} 20. Bd3 O-O 21. O-O {we have
a very complicated position}) 16. Bxe4 Bxe4 17. Qxe4 O-O 18. cxb5 $146 (18. O-O
bxc4 19. Qxc4+ d5 20. Qd3) (18. Qe2 bxc4 19. Nxc4 Nf6 20. O-O Nc6 21. Rad1 Nd4
22. Qd3 Nd5 23. Qe4 Nf6 24. Qd3 Nd5 25. Qe4 Nf6 26. Qd3 {1/2-1/2 Goetz,
R-Stocker,A/Bayern 2000/EXT 2001 (26)}) 18... axb5 ({After} 18... d5 $143 19.
Qg4 $1 {Black hasn't sufficient compensation.} (19. Qe2 Nf5 {[%cal Gf5d4]}))
19. Nxb5 Qb6 {[%csl Gb5,Gf2]} 20. Qe2 $8 Rfb8 $1 21. Nc3 (21. a4 $2 Qxb5 $19 {
[%csl Ga1]}) 21... Qxb4 22. O-O (22. Nd5 $2 Qb1+ 23. Rxb1 Rxb1+ 24. Bc1 Rxc1+
25. Kd2 Rxa2+ 26. Kxc1 Rxe2 27. Nxe7+ Kf7 $19 {[%csl Gf2]}) 22... Nc5 23. Rab1
({The most critical continuation was:} 23. Rfd1 {but after} Nf5 (23... Qh4 $6
24. Be3 $1 $16 {[%csl Gd6]}) 24. Qf3 (24. Rab1 Qh4) 24... Rf8 25. Qd5+ Kh8 26.
Rab1 Qd4 $11 {Black is alright}) (23. Nd5 $140 Qb7 24. Nxe7+ Qxe7 $11) 23...
Qd4 $1 $11 24. Rfd1 (24. Nb5 Qe4 25. Be3 Nf5 (25... Nd5 $5 {[%csl Gc3]}) 26.
Nc3 Qd3 $11) 24... Rxb1 25. Rxb1 Nd5 26. Nb5 {Here my opponent offered me a
draw, which was accepted in view of the following line.} (26. Nb5 Qe4 27. Qxe4
(27. Qd1 {[%csl Gd6]} Rb8 $1 {[%csl Gb1] and White faces some problems}) 27...
Nxe4 28. Be1 Rxa2 29. f3 {[%csl Gd6] with absolutely equal position}) 1/2-1/2

[Event "Moscow Aeroflot op-A"]
[Site "Moscow"]
[Date "2003.02.13"]
[Round "3"]
[White "Beshukov, Sergei"]
[Black "Avrukh, Boris"]
[Result "1/2-1/2"]
[WhiteElo "2474"]
[BlackElo "2584"]
[Annotator "Avrukh,B"]
[PlyCount "81"]
[EventDate "2003.02.10"]
[EventType "swiss"]
[EventRounds "9"]
[EventCountry "RUS"]
[SourceTitle "CBM 094"]
[Source "ChessBase"]
[SourceDate "2003.05.26"]
[SourceVersion "1"]
[SourceVersionDate "2003.05.26"]
[SourceQuality "1"]

1. e4 c5 2. Nf3 Nc6 3. d4 cxd4 4. Nxd4 Nf6 5. Nc3 e5 6. Ndb5 d6 7. Bg5 a6 8.
Na3 b5 9. Bxf6 gxf6 10. Nd5 f5 11. c3 Bg7 12. exf5 Bxf5 13. Nc2 Be6 14. g3 O-O
15. Bg2 f5 16. O-O a5 17. Qd2 $5 {[%cal Ga1d1] A very rare,but quite
interesting continuation.White first consolidates position in the centre with
some prophilactical moves,and then will choose the direction of play.} ({
Other possibilities here:} 17. Nf4) (17. Qh5) ({or} 17. Qe2) 17... Rb8 {
It's necessary to remove black rook from h1-a8 diagonal and also very
important to control b6-square in order to move my queen.} 18. Rad1 Qd7 (18...
Kh8 $2 19. Nde3 $16 {[%csl Rd6]}) 19. Rfe1 Kh8 (19... Rfd8 20. Nce3 $6 (20. Qg5
$5) 20... Kh8 21. Qc2 Rf8 {[%cal Gf5f4]} (21... Qf7) 22. f4 Qa7 23. Kh1 Rbc8 {
[%cal Gc8c2]} 24. Rf1 e4 25. Qe2 b4 26. Qh5 bxc3 27. bxc3 Ne7 $1 $15 {[%csl
Rc3] 0-1 Nouro,M-Gavrikov,V/Tampere 1999/EXT 2000 (47)}) (19... e4 $2 20. f3
exf3 21. Bxf3 Ne5 22. Bg2 Nc4 23. Qc1 $16 {[%csl Rd6][%cal Gc2d4]}) 20. a3 (20.
Nf4 $5 Bxa2 (20... exf4 $140 $2 21. Bxc6 Qxc6 22. Nd4 $1 $16) 21. Nh5 (21. Qxd6
Qxd6 22. Rxd6 exf4 23. Rxc6 fxg3 24. hxg3 b4 $132) 21... Bb3 22. Qxd6 Qxd6 23.
Rxd6 Bxc2 24. Bxc6 e4 $11) 20... Rfd8 $146 {[%csl Gd6]} (20... e4 21. Nf4 (21.
f3 $5) 21... Be5 (21... Bb3 $142 $5 22. Qxd6 $140 Qb7 23. Qd2 (23. Rc1 Rbd8 {
[%cal Gd8d2]}) 23... b4 $44) 22. f3 (22. Nxe6 Qxe6 23. f4 exf3 24. Bxf3 Ne7 25.
Kh1 $14) 22... b4 23. Nd4 bxc3 24. bxc3 Bb3 25. Nxb3 Rxb3 26. fxe4 Bxc3 27. Qd5
Nd4 28. exf5 Qa7 $1 $13 {1/2-1/2 Voitsekhovsky,S-Smirnov,P/Samara 2000/CBM 78 
(46)}) 21. Qg5 Bxd5 $5 {White queen is very annoying on g5,soon white will
create pressure on f5 pawn.On the hand my play is not so clear,that's why i
decided to change the play sharply.} (21... Qf7 22. Nf4 (22. Nce3 $5) 22... d5
23. Nxe6 Qxe6 24. Bh3 Rf8 (24... Ne7 25. Nd4 $1 $16) 25. Ne3 Ne7 $11) (21...
Rf8 $5) 22. Bxd5 Ne7 23. Rd2 (23. Ne3 b4 24. axb4 axb4 25. c4 b3 $132 {[%csl
Gb2][%cal Ge5e4]}) 23... Rf8 $1 {[%cal Gf8f6] Very good idea,black rook will
be very good-placed on f6:defending d6-pawn and helping to create attacking
chances on the kingside.} (23... Nxd5 $6 24. Rxd5 {[%csl Gc2,Gg7]} Qe6 $140 25.
Rxb5 $1 {[%csl Gd8]}) 24. Qh5 Rf6 25. Bg2 (25. Red1 $143 e4 $1 {[%csl Gd5]
cutting white bishop} (25... Bh6 $5) 26. Ne3 Rbf8 $40) 25... e4 26. Ne3 d5 27.
Red1 Rd6 {[%cal Gb5b4] The position have changed dramatically,black for sure
have got his play now b5-b4 is very unpleasant idea.So white has to react very
quickly.} 28. g4 $1 {Good decision,breaking black pawnstructure in the centre.}
Bh6 {[%csl Gd2,Ge3]} (28... Rf8 29. gxf5 Rff6 30. Qh4 $1 $16 {[%cal Gh4f4]}) (
28... f4 $2 29. Nxd5 f3 30. Nf6 $1 $18) 29. gxf5 Rg8 (29... Bxe3 30. fxe3 Qxf5
31. Qxf5 Nxf5 32. Rxd5 Rxd5 33. Rxd5 Nxe3 34. Rg5 $11) 30. Kh1 Bf4 {[%cal
Gd6h6]} (30... Bxe3 $2 31. fxe3 Qxf5 32. Qxf5 Nxf5 33. Bxe4 $1 Nxe3 34. Re1 {
with unpleasant endgame for black}) 31. Qf7 $1 (31. f6 $2 Rxf6 32. Qh4 (32.
Nxd5 $140 Nxd5 33. Rxd5 Qg7 $19 {[%csl Gh2][%cal Gf6h6]}) 32... Qd6 $1 33. Nxd5
Nxd5 34. Rxd5 Rh6 35. Rxd6 Rxh4 $19 {[%csl Gd6,Gh2]}) 31... Rg7 32. Qf8+ Rg8
33. Qf7 Rh6 $2 $138 {This is already too much,i simply had understimated white
threats and was lucky to escape.} (33... Rg7 $11) 34. Rxd5 Rxh2+ 35. Kg1 Qc6 (
35... Qc7 36. Qf6+ Rg7 37. Rd8+ Ng8 38. Rxg8+ Kxg8 39. Rd8+ $18) 36. Qxe7 $2
$138 (36. Rd8 Qh6 37. Rxg8+ Nxg8 38. Qe8 $1 $18 (38. Rd8 $2 Rxg2+ $11)) 36...
Qh6 $1 {[%csl Rg1]} 37. Kf1 (37. Ng4 Rxg2+ 38. Kxg2 Rxg4+ 39. Kf1 Qh1+ 40. Ke2
Qf3+) 37... Rhxg2 $1 $11 38. Nxg2 Qh1+ 39. Ke2 Qh5+ 40. Kf1 Qh1+ 41. Ke2
1/2-1/2

[Event "CZE-ch"]
[Site "Karlovy Vary"]
[Date "2005.02.01"]
[Round "1"]
[White "Jansa, Vlastimil"]
[Black "Babula, Vlastimil"]
[Result "1/2-1/2"]
[WhiteElo "2515"]
[BlackElo "2566"]
[Annotator "Babula,V"]
[PlyCount "86"]
[EventDate "2005.02.01"]
[EventType "tourn"]
[EventRounds "11"]
[EventCountry "CZE"]
[EventCategory "11"]
[SourceTitle "CBM 106"]
[Source "ChessBase"]
[SourceDate "2005.06.06"]
[SourceVersion "1"]
[SourceVersionDate "2005.06.06"]
[SourceQuality "1"]

1. e4 c5 2. Nf3 Nc6 3. d4 cxd4 4. Nxd4 Nf6 5. Nc3 e5 {Sveshnikov Sicilian is
very popular lately, thanks to Kramnik and Leko even in the top-level
tournaments.} 6. Ndb5 d6 7. Bg5 a6 8. Na3 b5 9. Bxf6 gxf6 10. Nd5 f5 11. c3 Bg7
12. exf5 Bxf5 13. Nc2 O-O 14. Nce3 Be6 15. Bd3 f5 16. O-O Ra7 17. a4 Ne7 {
This line is one of the critical, Whites are still looking for some edge here.}
18. Nxe7+ Rxe7 19. axb5 axb5 20. Bc2 ({In the recent game Anand-Leko, Wijk aan
Zee happened} 20. Bxb5 d5 21. Ra6 f4 22. Nc2 Bc8 23. Ra8 Qd6 24. Nb4 Bb7 25.
Ra7 d4 26. Ba6 $2 Bxg2 $1 {and Leko won the game which helped him to take a
victory in the whole tournament.}) 20... Kh8 21. Nd5 $5 {A novelty.} ({Game
Shirov-Kramnik, Linares 2004 continued} 21. Ra6 e4 $5 22. Nd5 $6 (22. Rxd6 $142
Qb8 $44) 22... Ree8 $15 23. Nf4 Bc4 24. Re1 Be5 {and Black overtook the |^.})
21... Ref7 ({Probably better is} 21... Ree8 $5 {as above.}) 22. Re1 $5 {
A clever prophylactic move, now the move Be6-c4 is not with a tempo.} Qg5 {
I spent here a lot of time and I didn't find anything better than this
obligatory move. Black is looking for the <=> on the >> and almost ignores his
<<.} (22... e4 $6 23. Nf4 $1 Bc4 $140 $6 24. b3) 23. Ra6 {The most logical
continuation.} (23. f4 $6 Qh6 (23... Qh4 24. g3 Qh3)) 23... f4 $2 {><e4 A
mistake, this way Black's P pair f5,e5 loses its dynamics and the square e4
becomes weak. But it seemed to me that I would get some <=> after the advance
f4-f3.} (23... Rg8 $142 24. g3 Bf8 $13 {, but I didn't want to change the
position of my R until it's clear that the <->g is better for them than the
<->f.}) 24. Rxd6 $2 {A mistake as well!} ({After} 24. Be4 $142 $1 $16 {White
should prevent any Black's threats against White's K, e.g.} f3 25. g3 Qh5 26.
Qd3) 24... Bh3 $132 25. Qf3 ({Of course not} 25. Be4 $2 Bxg2 $1 26. h4 Qxh4 27.
Kxg2 f3+ $19) ({nor} 25. g3 $2 fxg3 26. fxg3 Qd2 $1 $19) 25... Bg4 26. Qd3 (26.
Qe4 $4 Bf5 27. Qe2 f3 $19) 26... Bf5 (26... e4 $6 {seemed to me too much, after
} 27. Rxe4 (27. Qxe4 $2 Bf5 28. Qe2 f3) 27... Bf5 $14 {White will have two P
for the exchange and the strong Bc2.}) 27. Qd2 $6 ({White continues playing
for a win, but objectively the best was to repeat the moves} 27. Qd1 Bh3 28.
Qf3 Bg4 29. Qd3 $11) 27... Rg8 $6 {I couldn't decide now, both options looked
very well. But finally I chose the worse one.} (27... Bh3 $142 $1 28. f3 (28.
g3 $4 fxg3) (28. Be4 $2 Rg8 29. Kh1 Bf8) 28... Rg8 $40 {with the strong ->.})
28. Bxf5 Qxf5 29. f3 ({Safer was} 29. g3 {, but Black's compensation is
sufficient, e.g.} Bf8 (29... e4 $5 30. Nxf4 Qxf4 31. gxf4 Bxc3+ 32. Kf1 Bxd2
33. Rxd2 Rxf4 $11) 30. Rd8 Bc5 (30... Qg5 $5) 31. Rxg8+ Kxg8 $44) 29... Bf8 30.
Rc6 Rfg7 31. Nf6 $4 {A big suprise for me, but the pleasant one.} ({I expected
} 31. Kh1 $8 {and I couldn't find any advantage for Black,} Rxg2 32. Qxg2 Rxg2
33. Kxg2 Qd7 34. Rf6 $8 Qxd5 (34... Bg7 35. Rb6 $8) 35. Rxf8+ Kg7 36. Re8 Qd2+
37. Kf1 $11) 31... Rg6 $1 $19 {Now White simply loses a piece.} 32. Nxg8 Rxc6
33. Qd5 Re6 $6 {Inaccuracy, but it's enough for a win.} ({I saw the best} 33...
Rc5 $1 34. Nh6 (34. Qa2 Qg6) 34... Qg6 $19 {, but I was not sure and didn't
want to tangle my pieces in the coming up guillotine.}) 34. Qxb5 Kxg8 35. Qd5
Kg7 36. b4 Rd6 $2 {And this is already the serious mistake, it was not
necessary to give up the Pe5.} (36... Bd6 $142 $17 {with the plan to press
with the Q and the R on g2 and to transfer the B on the /^g1-a7, e.g.} 37. b5
Rg6) 37. Qxe5+ Qxe5 38. Rxe5 $15 {In this _|_ Black has only the small
advantage.} Rd1+ (38... Rd3 $6 39. Re4 Bd6 40. Rd4 $11 {leads immediately to a
draw. White exchanges the R, then he will exchange Black's Pf4 by advance
g2-g3 and there will be a theoretically drawn _|_ K : K,B,P with the Ph and
the bad B.}) 39. Kf2 Rc1 40. Re4 Rc2+ $6 ({Last chance was} 40... Bd6 $15 {
, after} 41. Re6 Bb8 42. Re8 {Black has} Ba7+ {with check.}) 41. Kf1 Bd6 {
Without the Pf4 there is no chance to win.} 42. Re6 $1 $11 {Now Black can't
save his Pf4.} Bf8 (42... Bb8 43. Re8 Bd6 (43... Ba7 $4 44. Re7+) 44. Re6) (
42... Rd2 43. Ke1) 43. Re4 Bd6 1/2-1/2